000 00579nam a2200181Ia 4500
008 151018s9999 xx 000 0 und d
082 _bRBASDV8783
_a891.463
100 _aहरी नारायण आपटे
245 _aसूर्योदय
250 _b4
260 _bआर्यभूषण मुद्रणालय
_c1965
300 _a438
600 _aहरी नारायण आपटे
630 _aसूर्योदय
700 _aहरी नारायण आपटे
730 _aसूर्योदय
942 _cBOOK
999 _c1011147
_d1011144